000 00552nam a2200193Ia 4500
003 OSt
005 20250612122221.0
008 210210b1982 xxu||||| |||| 00| 0 eng d
040 _cAL
041 _aKannada
082 _aK494.3 KESH
100 _aKESHAVA BHATTA (T)
_d ಕೇಶವ ಭಟ್ಟ (ಟಿ)
_9214574
245 _aHavyaka padasanchaya.
_b ಹವ್ಯಕ ಪದಸಂಚಯ
260 _aBengaluru.
_bChirasahitya Prakashana.,
_c1982
300 _axiv,86
690 _aKannada Dictionary
_9214575
906 _a040536
942 _2ddc
_cBK
999 _c90728
_d90728